| 000 | 00502nam a2200193Ia 4500 | ||
|---|---|---|---|
| 003 | OSt | ||
| 005 | 20250411143455.0 | ||
| 008 | 220927b |||||||| |||| 00| 0 eng d | ||
| 037 | _cTextual | ||
| 040 |
_aSDCL _cSDCL _bhin |
||
| 041 |
_2hin _ahin |
||
| 084 | _aO152,1K17:g K0 | ||
| 100 |
_aMahender Kumar _9416366 |
||
| 245 | 0 |
_aMatiram : _bKavi aur acharya. |
|
| 260 |
_aDelhi : _bBharti Sahitya Mandir, _c1960. |
||
| 300 | _a381p. | ||
| 942 |
_cTEXL _2CC _n0 |
||
| 999 |
_c732295 _d732295 |
||